| 000 | 00000nam##2200000za#4500 |
| 001 | 9.576414 |
| 003 | CaOODSP |
| 005 | 20210624185128 |
| 007 | cr ||||||||||| |
| 008 | 150406|1983||||xxc|||||o f|0| 0 eng|d |
| 040 | |aCaOODSP|beng |
| 043 | |an-cn--- |
| 086 | 1 |aFs97-13/379E-PDF |
| 110 | 1 |aCanada. |bDepartment of Fisheries and Oceans. |
| 245 | 10|aTrace metal content data for crustaceans and fishes from Howe Sound, British Columbia / |h[electronic resource]|cby R.M. Harbo and I.K. Birtwell. |
| 260 | |aVancouver - British Columbia : |bFisheries and Oceans Canada |c1983. |
| 300 | |a52p.|bfigs., references, tables |
| 490 | 1 |aCanadian data report of fisheries and aquatic sciences|vNo. 379 |
| 500 | |aOn t.p.: Field Services Branch, Vancouver, British Columbia. Catalogue number of the print edition appears in the PDF version. |
| 546 | |a(Résumé en français) |
| 590 | |a13-12-Supp|b2013-05-10 |
| 720 | 1 |aHarbo, R. M. |
| 720 | 1 |aBirtwell, I. K. |
| 830 | #0|aCanadian data report of fisheries and aquatic sciences ;|vNo. 379|w(CaOODSP)9.505124 |
| 856 | 40|ahttp://publications.gc.ca|qPDF|s860 KB|uhttps://publications.gc.ca/collections/collection_2013/mpo-dfo/Fs97-13-379-eng.pdf|yNo. 379 |